<?xml version="1.0" encoding="UTF-8"?><?xml-stylesheet type="text/xsl" href="static/style.xsl"?><OAI-PMH xmlns="http://www.openarchives.org/OAI/2.0/" xmlns:xsi="http://www.w3.org/2001/XMLSchema-instance" xsi:schemaLocation="http://www.openarchives.org/OAI/2.0/ http://www.openarchives.org/OAI/2.0/OAI-PMH.xsd"><responseDate>2026-04-14T03:11:07Z</responseDate><request verb="GetRecord" identifier="oai:www.recercat.cat:2117/396408" metadataPrefix="marc">https://recercat.cat/oai/request</request><GetRecord><record><header><identifier>oai:recercat.cat:2117/396408</identifier><datestamp>2025-07-22T21:45:22Z</datestamp><setSpec>com_2072_1033</setSpec><setSpec>col_2072_452951</setSpec></header><metadata><record xmlns="http://www.loc.gov/MARC21/slim" xmlns:dcterms="http://purl.org/dc/terms/" xmlns:xsi="http://www.w3.org/2001/XMLSchema-instance" xmlns:doc="http://www.lyncode.com/xoai" xsi:schemaLocation="http://www.loc.gov/MARC21/slim http://www.loc.gov/standards/marcxml/schema/MARC21slim.xsd">
   <leader>00925njm 22002777a 4500</leader>
   <datafield ind2=" " ind1=" " tag="042">
      <subfield code="a">dc</subfield>
   </datafield>
   <datafield ind2=" " ind1=" " tag="720">
      <subfield code="a">Abanto Sánchez, Elizabeth Soledad</subfield>
      <subfield code="e">author</subfield>
   </datafield>
   <datafield ind2=" " ind1=" " tag="260">
      <subfield code="c">2023-10-11</subfield>
   </datafield>
   <datafield ind2=" " ind1=" " tag="520">
      <subfield code="a">A finales de la década de 1930, el tema de la vivienda en el Perú ocupó un lugar principal en la revista El Arquitecto Peruano, lo cual se puede evidenciar a partir de sus primeras publicaciones. Ello se desarrolló en un contexto de acelerados procesos migratorios, principalmente hacia la ciudad de Lima, que tuvo como consecuencia el crecimiento de su población y la necesidad de vivienda para los sectores vulnerables. Un contexto, aún hegemonizado por la arquitectura tradicional e historicista, y poco permeable a la arquitectura moderna, en la que surgió un proceso donde los arquitectos peruanos con un discurso de racionalismo e higienismo, se posicionaron como sujetos históricos responsables del cambio social, buscando mejorar las condiciones de vida de sus habitantes, e incorporando formas modernas de habitar. En ese sentido, el objetivo del trabajo es identificar y analizar cómo se ha comunicado el desarrollo de la vivienda social moderna en el Perú a través de la revista El Arquitecto Peruano entre 1937-1963. Para esto, se realizó la revisión bibliográfica y un estudio pormenorizado de los artículos presentes en la revista. A partir de ello, se pudo evidenciar que la revista El Arquitecto Peruano desempeño un rol determinante en la introducción, difusión y consolidación de la vivienda social moderna en el Perú, siendo también un vehículo para la circulación de estas ideas en el ámbito teórico y proyectual, contribuyendo a la materialización de la modernidad arquitectónica en el paisaje urbano desértico de Lima, donde el Estado no fue solo un cliente consumidor de arquitectura, sino un productor de arquitectura: La Unidad Vecinal 3.&#xd;
&#xd;
Palabras clave: vivienda social, arquitectura moderna, unidades vecinales, Lima, Perú.</subfield>
   </datafield>
   <datafield ind2=" " ind1=" " tag="520">
      <subfield code="a">Award-winning</subfield>
   </datafield>
   <datafield tag="653" ind2=" " ind1=" ">
      <subfield code="a">Àrees temàtiques de la UPC::Arquitectura::Composició arquitectònica::Teoria i estètica arquitectòniques</subfield>
   </datafield>
   <datafield tag="653" ind2=" " ind1=" ">
      <subfield code="a">Architecture -- Periodicals -- Peru -- History</subfield>
   </datafield>
   <datafield tag="653" ind2=" " ind1=" ">
      <subfield code="a">Modern movement (Architecture) -- Peru</subfield>
   </datafield>
   <datafield tag="653" ind2=" " ind1=" ">
      <subfield code="a">Housing -- Peru -- History</subfield>
   </datafield>
   <datafield tag="653" ind2=" " ind1=" ">
      <subfield code="a">Modern architecture -- 20th century -- Peru</subfield>
   </datafield>
   <datafield tag="653" ind2=" " ind1=" ">
      <subfield code="a">Architecture -- Philosophy</subfield>
   </datafield>
   <datafield tag="653" ind2=" " ind1=" ">
      <subfield code="a">Vivienda social</subfield>
   </datafield>
   <datafield tag="653" ind2=" " ind1=" ">
      <subfield code="a">Arquitectura moderna</subfield>
   </datafield>
   <datafield tag="653" ind2=" " ind1=" ">
      <subfield code="a">Unidades vecinales</subfield>
   </datafield>
   <datafield tag="653" ind2=" " ind1=" ">
      <subfield code="a">Lima</subfield>
   </datafield>
   <datafield tag="653" ind2=" " ind1=" ">
      <subfield code="a">Perú</subfield>
   </datafield>
   <datafield tag="653" ind2=" " ind1=" ">
      <subfield code="a">Arquitectura -- Revistes -- Perú -- Història</subfield>
   </datafield>
   <datafield tag="653" ind2=" " ind1=" ">
      <subfield code="a">Moviment modern (Arquitectura) -- Perú</subfield>
   </datafield>
   <datafield tag="653" ind2=" " ind1=" ">
      <subfield code="a">Habitatge -- Perú -- Història</subfield>
   </datafield>
   <datafield tag="653" ind2=" " ind1=" ">
      <subfield code="a">Arquitectura moderna -- S. XX -- Perú</subfield>
   </datafield>
   <datafield tag="653" ind2=" " ind1=" ">
      <subfield code="a">Arquitectura -- Filosofia</subfield>
   </datafield>
   <datafield ind2="0" ind1="0" tag="245">
      <subfield code="a">La vivienda social moderna en el Perú: la idea de unidad vecinal a través de la revista El Arquitecto Peruano</subfield>
   </datafield>
</record></metadata></record></GetRecord></OAI-PMH>